LEADER 00931nam a2200241 i 4500 001 000000201769 003 CaOOAMICUS 005 20110505000000.0 008 110505s1970 it u000 u ita u 013 $a180475 040 $aSeMil$bita 100 1 $aRostand, Jean.$0(OLS)http://semarc/name/43310 240 10$aAux frontières du surhumain.$0(OLS)http://semarc/title/292037 245 12$aI miracoli della biologia /$cJean Rostand. 260 $aMilano :$bRizzoli,$ccopyr. 1970. 300 $a170 p. ;$c23 cm. 490 0 $aPolitica e sociologia 650 4$aBiologia.$0(OLS)http://semarc/subject/3115 830 0$aPolitica e sociologia.$0(OLS)http://semarc/title/7358 850 $aSeMil 852 $aSeMil$W1$xVenegono$y1$m3W III 158$j152295$B152295$CSeMilBibl$Z2$F163421 $81 996 $6245$aI miracoli della biologia$9(OLS)http://semarc/title/292036 996 $6260$aMilano :$bRizzoli$9(OLS)http://semarc/publisher/29824 LEADER 00882nam a2200193 i 4500 001 000000205476 003 CaOOAMICUS 005 20110823000000.0 008 110823s1790 it u000 u ita u 013 $a184213 026 $ae-u- 33I. j.o, (ati (3) 1790 (R) 040 $aSeMil$bita 245 10$aTomo quarto contenente la prima parte delle Scienze naturali. 300 $aXII, [2], 607, [1] p. 500 $aSegn. : [ast]4 (-ast4) 2*4 a-4g4. 773 0 $tDell'origine, progressi e stato attuale d'ogni letteratura dell'abate d. Giovanni Andres socio della R. Accademia di Scienze e Belle Lettere di Mantova.$dParma : Dalla Stamperia Reale, 1782-1822.$g4$w()5303 850 $aSeMil 852 $aSeMil$W1$xVenegono$y1$m1G VII 20 FA$j155970$B155970$CSeMilBibl$Z2$F167315 $8I 996 $6245$aTomo quarto contenente la prima parte delle Scienze naturali$9(OLS)http://semarc/title/297415